000 00949nam a22002897a 4500
003 AR-BeUNQ
005 20230925195823.0
008 230925s2015 ag aob|| |||| 00| 0 spa d
020 _a9789873503054
040 _aAR-BeUNQ
_cAR-BeUNQ
_eaacr
082 _a909
_221
245 0 0 _aHistoria de dos continentes (siglos XIV-XIX) /
_cCarlos Mora (coord.) ; Gastón Ballesteros ... [et al.]
250 _a1a ed.
260 _aBuenos Aires :
_bA-Z ;
_c2015.
300 _a336 p. :
_bil. col., fotografías, gráficos, mapas ;
_c27 cm.
490 _aSerie Plata (A-Z)
504 _aBibliografía: p. 333-336
521 _aPara educación secundaria.
650 7 _aHistoria moderna
_2spines
651 _aAmérica
_2spines
651 _aEuropa
_2spines
700 1 _aMora, Carlos
_ecoordinador
700 1 _aBallesteros, Gastón
_eaut.
830 _vSerie Plata (A-Z)
929 _aDONACION
_bGladys Alarcón
_e2018
_fPAT0080449
_h1
_j60663
942 _cLIB
999 _c901
_d901